000
00306nam a22001337a 4500
008
180917b xxu||||| |||| 00| 0 eng d
020
_a
0721650171
041
_a
eng
080
_a
610.
100
_a
2
101
_a
NUR
245
_a
Saunders Manual Of Nursing Care
_c
Luckmann.J
942
_2
udc
_c
BK
999
_c
47861
_d
47861